=LDR 00000nam 2200000 4500 =001 INLIS000000000024447 =005 20200427075851 =035 ##$$a 0010-061300000024447 =008 200427################g##########0#ind## =041 ##$$a Ind =082 ##$$a 2X5.46 =090 ##$$a 2X5.46, Yus a =100 1#$$a Yusuf, Abdul Tawab =245 1#$$a Aku ini pelanet bumi (kisah nabi ibrahim), /$c Abdul Tawab Yusuf =260 ##$$a Jakarta :$b Daral Kitab Al-masri,$c 1987 =300 ##$$a 16 hlm, : $b Ilus. ; $c 17 x 22 cm =650 #4$$a Kisah-kisah para nabi =850 ##$$a NBPNMAT =084 ##$$a 2X5.46 YUS a =250 ##$$a cet.1 =990 ##$$a 00043324 =990 ##$$a 00043324